Managing natural wealth environment and development in Malaysia /

Bibliographic Details
Main Author: Vincent, Jeffrey R.
Corporate Author: ProQuest (Firm)
Other Authors: Ali, Rozali Mohamed.
Format: Electronic eBook
Language:English
Published: Washington, D.C. : Singapore : RFF Press ; Institute of Southeast ASian Studies (ISEAS), c2005.
Subjects:
Online Access:Click to View
LEADER 01829nam a2200457Ia 4500
001 EBC592495
003 MiAaPQ
005 20200520144314.0
006 m o d |
007 cr cn|||||||||
008 040624s2005 dcua sb 001 0 eng d
010 |z  2004014820 
020 |z 9781891853814 
020 |z 9781936331819 
020 |z 1933115203 
020 |z 1891853813 
035 |a (MiAaPQ)EBC592495 
035 |a (Au-PeEL)EBL592495 
035 |a (CaPaEBR)ebr10570427 
035 |a (CaONFJC)MIL366089 
035 |a (OCoLC)670412174 
040 |a MiAaPQ  |c MiAaPQ  |d MiAaPQ 
050 4 |a HC445.5.Z9  |b E66 2005 
082 0 4 |a 333.7/09595  |2 22 
100 1 |a Vincent, Jeffrey R. 
245 1 0 |a Managing natural wealth  |h [electronic resource] :  |b environment and development in Malaysia /  |c Jeffrey R. Vincent and Rozali Mohamed Ali. 
246 3 |a Environment and development in a resource-rich economy 
260 |a Washington, D.C. :  |b RFF Press ;  |a Singapore :  |b Institute of Southeast ASian Studies (ISEAS),  |c c2005. 
300 |a xx, 468 p. :  |b ill. 
500 |a Rev. ed. of: Environment and development in a resource-rich economy. 1997. 
504 |a Includes bibliographical references (p. 409-450) and index. 
533 |a Electronic reproduction. Ann Arbor, MI : ProQuest, 2015. Available via World Wide Web. Access may be limited to ProQuest affiliated libraries. 
650 0 |a Sustainable development  |z Malaysia. 
650 0 |a Environmental policy  |x Economic aspects  |z Malaysia. 
650 0 |a Natural resources  |z Malaysia. 
651 0 |a Malaysia  |x Economic policy. 
651 0 |a Malaysia  |x Economic conditions. 
655 4 |a Electronic books. 
700 1 |a Ali, Rozali Mohamed. 
710 2 |a ProQuest (Firm) 
856 4 0 |u https://ebookcentral.proquest.com/lib/matrademy/detail.action?docID=592495  |z Click to View